MARC

LEADER 00000nam0a2200000 4500
001 2075
005 20231101204228.0
010 |a 571500313X 
035 |a (RuTPU)RU\TPU\book\2084 
035 |a BOOK00002086 
090 |a 2075 
100 |a 20011209d1996 m y0rusy50 ca 
101 1 |a rus  |c fre 
102 |a UA 
105 |a y z 000zd 
200 1 |a Глаз слушает  |f П. Клодель  |g Пер. с фр. А. Ф. Кулиш 
210 |a Харьков  |c Фолио  |d 1996 
215 |a 246 с. 
600 1 |a Рембрандт  |b Х. Р.  |c голландский живописец  |f 1606-1669  |g Харменс ван Рейн  |2 stltpush  |3 (RuTPU)RU\TPU\pers\10065  |9 2157 
600 1 |a Веласкес (Родригес де Силва Веласкес)  |b Д.  |c испанский живописец  |f 1599 - 1660  |g Диего  |2 stltpush  |3 (RuTPU)RU\TPU\pers\12055  |9 3140 
600 1 |a Гойя  |b Ф. Х.  |c испанский живописец, гравёр  |f 1746-1828  |g Франсиско Хосе де  |2 stltpush  |3 (RuTPU)RU\TPU\pers\10493  |9 2234 
600 0 |a Тициан (Тициано Вечелио)  |c итальянский живописец  |f около 1476/1477 или 1489/1490 - 1576  |2 stltpui  |3 (RuTPU)RU\TPU\pers\1018  |9 450 
600 1 |a Эль-Греко  |g Доменико  |b Д.  |c испанский живописец  |f 1541-1614  |c настоящая фамилия Теотокопули  |2 stltpui  |3 (RuTPU)RU\TPU\pers\33 
610 1 |a живопись 
675 |a 75.03  |v 3 
700 1 |a Клодель  |b П.  |g Поль 
801 0 |a RU  |b 63413507  |c 20011209  |g PSBO 
801 2 |a RU  |b 63413507  |c 20130218  |g PSBO 
942 |c BK